Inseln mit Anfangsbuchstabe S - Statistiken

Allgemein
  • Dieses Quiz wurde 31 mal gespielt
  • Das Durchschnittsergebnis liegt bei 11 aus 22
Antwortstatistiken
Hinweise Antwort % Korrekt
Größte aller Mittelmeerinseln mit größtem Vulkan Europas, Arancini, Bronte-Pistazien und Marsala-Wein. Sizilien
96%
Die nördlichste und die einzige Insel Deutschlands mit Porsche-Händler und vier Sterne-Restaurants. Sylt
93%
Inselstaat mit Amtssprachen Singhalesisch und Tamil; berühmt für Tee, Ayurveda und Raksha-Masken. Sri Lanka
86%
Die griechische Vulkaninsel ist dank weißer Gebäude mit blauen Kuppeln einer der am meisten abgebildeten Orte Europas. Santorin
79%
Auf der sechstgrößten Insel der Welt gibt es endemische Tiger-, Nashorn- und Orang-Utan-Arten sowie die größte Blume der Welt. Bereits ca. 50% des Regenwalds wurden abgeholzt. Sumatra
75%
40% aller Dänen leben auf dieser Insel, die seit 2000 durch die Öresundbrücke mit Schweden verbunden ist. Seeland
71%
Die größte russische Insel war vor dem 2. Weltkrieg zeitweise japanisch. Vor der Küste liegen die größten Erdöl- und Erdgasvorkommen Russlands. Sachalin
64%
Hauptinsel der gleichnamigen nordnorwegischen Inselgruppe mit vielen Eisbären und russischer Bergbausiedlung. Spitzbergen
57%
An den Buchten des Abel-Tasman-Nationalparks kann man ahnen, warum die größte Insel Neuseelands von den Maori übersetzt "Jadewasser" genannt wird. Südinsel
57%
Die Fähre nach Manhattan führt an der Freiheitsstatue vorbei; zudem gibt es drei Brücken nach New Jersey und eine nach Brooklyn. Staten Island
54%
Rund um Costa Smeralda, Costa Rei, Costa Verde, Costa Paradiso und Costa del Sud gibt es etliche der nach der Insel benannten Speisefische. Sardinien
50%
Ein Drittel aller deutschen Sumpfohreulen brütet auf der Insel, auf der Wernher von Braun zur Schule ging und Johannes Rau Urlaub machte. Spiekeroog
46%
Das „Galapagos des Indischen Ozeans“ beherbergt hunderte endemische Arten und gehört offiziell zu Jemen, wurde aber de facto 2018 von den Vereinigten Arabischen Emiraten eingenommen. Sokotra
43%
Die auf der elftgrößten und zwölfteinwohnerreichsten Insel der Welt, früher Celebes genannt, gelegene Leang-Tedongnge-Höhle beherbergt das älteste Gemälde der Welt (das ein Pustelschwein darstellt). Sulawesi
43%
Zu Estland gehörende viertgrößte Ostseeinsel mit Meteoritenkrater, Deutschordensfestungen und zwei Doppel-A. Saaremaa
32%
Auf der viertgrößten Insel Japans kann man auf dem 88-Tempel-Pilgerweg laufen, mit Abstechern zu Burg Matsuyama und zum Ritsurin-Garten. Shikoku
32%
Auf dieser Karibikinsel kann man den höchsten Berg der Niederlande erklimmen (Mount Scenery mit 870 Metern). Saba
29%
The Old Man of Storr wacht über die Hebriden-Insel mit ihren Fairy Pools. Skye
29%
30 Menschen und 400000 Königspinguine leben auf der Insel mit dem höchsten britischen Berg (Mount Paget mit 2934 Metern). Südgeorgien
29%
Als Hauptinsel der Nördlichen Marianen ein Außengebiet der USA; zuvor auch Kolonie von Spanien, Deutschland und Japan. Saipan
21%
Die viertgrößte Insel Europas, Nordteil von Nowaja Semlja, ist unbewohnt, u.a. wegen bis zu 400 Meter dickem Eis und Atomwaffentests. Sewerny
7%
Die größte der Färöer-Inseln mit der Hauptstadt Torshavn und 150000 Eissturmvögeln. Streymoy
4%
Keine übereinstimmenden Quizze gefunden
Verteilung der Resultate
Anzahl Personen mit jedem Resultat
Perzentil nach korrekt beantworteten Fragen
Ihre Resultats-Entwicklung
Sie haben dieses Quiz noch nicht gespielt